00345cam a22001217a 4500008004000000082001100040100002300051245006500074260003000139300001000169650001600179700002800195180718b1975 xxu||||| |||| 00| 0 eng d aB2 Op5 aOppenheimer, Franz aStatecby Franz Oppenheimer; translated by G. John Gitterman aNew YorkbFree Lifec1975 a122p. aState, The. aGitterman, G. John, tr.